| 000 | 01201nam a2200217Ia 4500 | ||
|---|---|---|---|
| 003 | Ost | ||
| 005 | 20260507075032.0 | ||
| 008 | 260507s9999||||xx |||||||||||||| ||und|| | ||
| 040 | _cfsecg | ||
| 041 | _aara | ||
| 082 | _a332.642 | ||
| 100 |
_aالموسوي، مجيد ضياء _eمؤلف |
||
| 245 | 0 |
_aالبورصات : _bأسواق رأس المال و أدواتها: الأسهم والسندات / _c مجيد ضياء الموسوي |
|
| 260 |
_aالاسكندرية: _bدار شباب الجامعة, _c2003 |
||
| 300 |
_a111 صفحة؛ _bإيضاحات ؛ _c24 سم |
||
| 520 | _aسوق الأوراق المالية- نظام البورصة- تحديد أسعار الأوراق المالية- التغيرات الهيكلية في الاسواق المالية- أسواق رأس المال وأدواتها ومؤسسات الوساطة المالية في الإسلام | ||
| 653 | _aالأسهم والسندات | ||
| 653 | _aالأوراق المالية | ||
| 653 | _aالبورصات | ||
| 942 | _cكتاب | ||
| 999 |
_c42414 _d42414 |
||